zpět

Detail výsledku týmu

Pub Na Plech ČT - Žižkov, Praha

Datum a čas kvízu

33.5 Celkem bodů Celkový počet nahraných bodů na tomto kvízu bez doplňovacích otázek.
3. Pořadí na kvízu Konečné umístění týmu na tomto kvízu.

Zaznamenané odpovědi

# Otázka Odpověď Body Výsledky
1. Ekonomka a bývalá rektorka brn... Danuše Nerudová 1
2. Velkolepé čtyřdenní oslavy pla... medvídek (Paddington) 0
3. V neděli došlo v pařížském Lou... dort 1
4. V úterý jsme se dozvěděli, že... Orsay 0
5. Britský fotbalový fanoušek dos... Alex Ferguson 1
6. V dalším díle této tematické s... C 0
7. Paulinie nápojná je známá hlav... guarana 1
8. Tento jihoamerický dravý pták... kondor 1
9. S podobně vypadajícím zvířetem... ocelot 0
10. Broméliovité je čeleď rostlin... A 0